GUIDANCE MONOGRAPH SERIES (Record no. 4394)
[ view plain ]
| 000 -LEADER | |
|---|---|
| fixed length control field | 00606nam a22002057a 4500 |
| 003 - CONTROL NUMBER IDENTIFIER | |
| control field | OSt |
| 005 - DATE AND TIME OF LATEST TRANSACTION | |
| control field | 20250226200213.0 |
| 008 - FIXED-LENGTH DATA ELEMENTS--GENERAL INFORMATION | |
| fixed length control field | 250226b |||||||| |||| 00| 0 eng d |
| 020 ## - INTERNATIONAL STANDARD BOOK NUMBER | |
| International Standard Book Number | 0395200385 |
| 040 ## - CATALOGING SOURCE | |
| Transcribing agency | CENTRAL UNIVERSITY LIBRARY |
| 100 ## - MAIN ENTRY--PERSONAL NAME | |
| Personal name | SWEETNEY THOMAS. J. |
| 245 ## - TITLE STATEMENT | |
| Title | GUIDANCE MONOGRAPH SERIES |
| Remainder of title | THEORIES OF COUNSELING AND PSYCHOTHERAPY. ADLERIN COUNSELING |
| 250 ## - EDITION STATEMENT | |
| Edition statement | SERIES VIII |
| 260 ## - PUBLICATION, DISTRIBUTION, ETC. | |
| Place of publication, distribution, etc. | ATLANTA, USA |
| Name of publisher, distributor, etc. | HOUGHTON MIFFLIN COMPANY |
| Date of publication, distribution, etc. | 1975 |
| 300 ## - PHYSICAL DESCRIPTION | |
| Extent | xiii, 112 pages |
| Dimensions | 22.5 cm |
| 490 ## - SERIES STATEMENT | |
| Materials specified | COUNSELING |
| 500 ## - GENERAL NOTE | |
| General note | Includes index |
| 600 ## - SUBJECT ADDED ENTRY--PERSONAL NAME | |
| Source of heading or term | COUNSELING |
| 942 ## - ADDED ENTRY ELEMENTS (KOHA) | |
| Source of classification or shelving scheme | Library of Congress Classification |
| Koha item type | Books |
| Suppress in OPAC | No |
| Withdrawn status | Lost status | Source of classification or shelving scheme | Damaged status | Not for loan | Collection | Home library | Current library | Shelving location | Date acquired | Total checkouts | Full call number | Barcode | Date last seen | Copy number | Price effective from | Koha item type |
|---|---|---|---|---|---|---|---|---|---|---|---|---|---|---|---|---|
| Library of Congress Classification | Non-fiction | Business Library (Miotso) | Business Library (Miotso) | General stacks | 02/26/2025 | BF637.C6 SWE | BSSM00001043 | 02/26/2025 | 1 | 02/26/2025 | Books |